Maya Hawke - Coverage (Lyrics) - Statistics

General Stats
  • This quiz has been taken 5 times
  • The average score is 155 of 203
Answer Stats
Answer % Correct
a
100%
Cover
100%
I
100%
If
100%
it
100%
me,
100%
that
100%
the
100%
to
100%
told
100%
uncover
100%
you
100%
You
100%
alive,
75%
and
75%
at
75%
be
75%
beaming
75%
Becoming
75%
blues
75%
can't
75%
colors,
75%
could
75%
day
75%
I'd
75%
do?
75%
dreaming?
75%
Dreaming
75%
every
75%
Fooling
75%
from
75%
Here
75%
here
75%
in
75%
is
75%
Is
75%
it's
75%
It's
75%
lie
75%
light
75%
Looking
75%
Make
75%
my
75%
pick
75%
really
75%
through
75%
truth
75%
up
75%
use
75%
used
75%
Water
75%
were
75%
what
75%
where
75%
who
75%
are
50%
been
50%
blush
50%
But
50%
camera
50%
Even
50%
grace
50%
Growing
50%
into
50%
lights
50%
little
50%
memory
50%
moves
50%
moving
50%
myth
50%
nothing
50%
of
50%
or
50%
put
50%
replace
50%
rooms
50%
tell
50%
there
50%
trust
50%
underneath
50%
wish
50%
gums
25%
shades
25%
teeth
25%
There's
25%
tremendous
25%
With
25%
enough
0%
laugh's
0%
No matching quizzes found
Score Distribution
Percent of People with Each Score
Percentile by Number Answered
Your Score History
You have not taken this quiz